000 00337nam a2200121Ia 4500
008 151015s9999 xx 000 0 und d
020 _a996634084
250 _a_Macmillan Secondary School Atlas
300 _aNairobi : Macmillan, 2005
500 _aIncludes index
650 _a_Secondary Atlas
700 _a^d20110511 01:48:11^okilerai
999 _c1933
_d1933